Top 10 ballon d'or 2018. - Statistiques

Statistiques générales
  • Ce quiz a été pris 345 fois
  • Le résultat moyen est 9 sur 10
Statistiques - réponses
% Joueurs Clubs % Correct
14.4 Antoine Griezmann Atletico
100%
16.5 Cristiano Ronaldo Real/ Juve
100%
12 Kylian Mbappe PSG
99%
9.7 Lionel Messi Barca
99%
26.1 Luka Modric Real
99%
6.5 Mohamed Salah Liverpool
96%
0.9 Harry Kane Tottenham
92%
1 Kevin De Bruyne Man City
88%
4.1 Eden Hazard Chelsea
69%
4.2 Raphael Varane Real
65%
Aucun quiz correspondant
Distribution des résultats
% des personnes avec chaque résultat
Percentile par nombre de réponses
Votre historique - résultats
Vous n’avez pas pris ce quiz